000 00700cam a22002413a 4500
001 31341
003 PGUSA
005 20140828083658.0
008 100221s2010||||xxu|||||s|||||000 | eng d
040 _aPGUSA
_beng
042 _adc
050 4 _aBF
100 1 _aTaylor, Joseph,
_d1761-1844
245 1 0 _aApparitions; Or, The Mystery of Ghosts, Hobgoblins, and Haunted Houses Developed
_h[electronic resource] /
_cJoseph Taylor
260 _bProject Gutenberg,
_c2010
506 _aPublic domain in the USA.
516 _aElectronic text
653 _aGhosts
653 _aApparitions
830 0 _aProject Gutenberg
_v31341
856 4 0 _uhttp://www.gutenberg.org/ebooks/31341
942 _cEB
999 _c260596
_d260596